Star Wars : Obi-Wan Kenobi - Statistiques

Statistiques générales
  • Ce quiz a été pris 50 fois
  • Le résultat moyen est 9 sur 12
Statistiques - réponses
Hint Réponse % Correct
Son premier apprenti Son premier apprenti Anakin Skywalker
98%
Couleur de son sabre laser Couleur de son sabre laser Bleu
96%
Son deuxième apprenti Son deuxième apprenti Luke Skywalker
92%
Sa mère Premier Sith qu'il combat Dark Maul
88%
Son maître Son maître Qui-Gon Jinn
85%
La planète de son exil Planète d'exil Tatooine
85%
La planète de son entrainement Jedi Planète de l'affrontement avec son apprenti Mustafar
83%
Surnom Surnom Ben Kenobi
75%
La planète de son enfance Planète où il vit Coruscant
73%
Film du décès Film de son décès Un nouvel espoir
69%
Acteur l'interprétant dans les films Acteur l'interprétant Ewan McGregor / Alec Guinness
65%
Citation Citation "Tu étais l’élu, c’était toi ! Tu devais rétablir la {paix} {dans} {la} {force} pas la condamner à la nuit !"
23%
Aucun quiz correspondant
Distribution des résultats
% des personnes avec chaque résultat
Percentile par nombre de réponses
Votre historique - résultats
Vous n’avez pas pris ce quiz